| 000 | 00622cam a22002055a 4500 | ||
|---|---|---|---|
| 001 | E142246 | ||
| 008 | 080131m1994 xxk f 000 0 eng d | ||
| 035 | _a(Sirsi) u142246 | ||
| 041 | 0 | _aeng | |
| 050 | 0 | 4 | _a692.5 $2 18 |
| 110 | 2 |
_aBuilding Cost Information Service _91096 |
|
| 245 | 0 | 0 |
_aBCIS bulletin service _bsection h _bconcise cost analyses |
| 260 |
_aLondon _bBCIS _c1972-1994 |
||
| 300 |
_a16 _fv. (loose-leaf) _c10cm. |
||
| 490 | 0 | _aBCIS Bulletin Service | |
| 651 | 4 |
_aUnited Kingdom _y |
|
| 690 | _aBUILT ENVIRONMENT-BUILDING COSTS | ||
| 710 | 1 |
_aRoyal Institution of Chartered Surveyors _94900 |
|
| 942 | _n0 | ||
| 999 |
_c107856 _d107856 |
||